Central Library OPAC University of Rajshahi

Low-temperature techniques / (Record no. 9663)

MARC details
000 -LEADER
fixed length control field 00786nam a22002771 4500
001 - CONTROL NUMBER
control field 9663
003 - CONTROL NUMBER IDENTIFIER
rucl marc code BD-RjUL
005 - DATE AND TIME OF LATEST TRANSACTION
control field 20211208234821.0
008 - FIXED-LENGTH DATA ELEMENTS--GENERAL INFORMATION
fixed length control field 140121s1960 nyua 001 0 eng d
035 ## - SYSTEM CONTROL NUMBER
System control number (BD-RjUL)9708
040 ## - CATALOGING SOURCE
Original cataloging agency DLC/ICU
Transcribing agency ICU
Modifying agency DLC
-- BD-RjUL
Language of cataloging eng
041 ## - LANGUAGE CODE
Language code of text/sound track or separate title eng
051 ## - LIBRARY OF CONGRESS COPY, ISSUE, OFFPRINT STATEMENT
Copy information Copy 2.
082 00 - DEWEY DECIMAL CLASSIFICATION NUMBER
Classification number 536.56
Author mark and year DIL 1960
100 1# - MAIN ENTRY--PERSONAL NAME
Personal name Din, F.
9 (RLIN) 29895
245 00 - TITLE STATEMENT
Title Low-temperature techniques /
Statement of responsibility, etc. by F. Din and A.H. Cockett.
260 ## - PUBLICATION, DISTRIBUTION, ETC. (IMPRINT)
Place of publication, distribution, etc. New York :
Name of publisher, distributor, etc. Interscience Publishers;
Date of publication, distribution, etc. 1960.
300 ## - PHYSICAL DESCRIPTION
Pagination viii, 216 p. :
Illustrations illus.
Size 23 cm.
500 ## - GENERAL NOTE
General note "1st published 1960."
504 ## - BIBLIOGRAPHY, ETC. NOTE
Bibliography, etc Includes index.
650 #0 - SUBJECT ADDED ENTRY--TOPICAL TERM
Topical term or geographic name as entry element Low temperatures.
9 (RLIN) 29896
700 1# - ADDED ENTRY--PERSONAL NAME
Personal name Cockett, A. H.,
Relator term joint author.
942 ## - ADDED ENTRY ELEMENTS (KOHA)
Source of classification or shelving scheme Dewey Decimal Classification
Koha item type Books
Holdings
Lost status Source of classification or shelving scheme Damaged status Not for loan Collection code Permanent Location Current Location Shelving location Date acquired Source of acquisition Cost, normal purchase price Total Checkouts Full call number Date last seen Copy number Koha item type
  Dewey Decimal Classification   Not For Loan Non-fiction Central Library, University of Rajshahi Central Library, University of Rajshahi Reading Room 14/11/1963 Zeitlinger 40.00   536.56 DIL 1960 21/01/2014 C-1 Books